<?xml version="1.0" encoding="UTF-8"?><?xml-stylesheet type="text/xsl" href="static/style.xsl"?><OAI-PMH xmlns="http://www.openarchives.org/OAI/2.0/" xmlns:xsi="http://www.w3.org/2001/XMLSchema-instance" xsi:schemaLocation="http://www.openarchives.org/OAI/2.0/ http://www.openarchives.org/OAI/2.0/OAI-PMH.xsd"><responseDate>2026-04-26T21:57:41Z</responseDate><request verb="GetRecord" identifier="oai:uvadoc.uva.es:10324/3660" metadataPrefix="marc">https://uvadoc.uva.es/oai/request</request><GetRecord><record><header><identifier>oai:uvadoc.uva.es:10324/3660</identifier><datestamp>2021-05-21T23:30:34Z</datestamp><setSpec>com_10324_38</setSpec><setSpec>col_10324_785</setSpec></header><metadata><record xmlns="http://www.loc.gov/MARC21/slim" xmlns:doc="http://www.lyncode.com/xoai" xmlns:xsi="http://www.w3.org/2001/XMLSchema-instance" xmlns:dcterms="http://purl.org/dc/terms/" xsi:schemaLocation="http://www.loc.gov/MARC21/slim http://www.loc.gov/standards/marcxml/schema/MARC21slim.xsd">
<leader>00925njm 22002777a 4500</leader>
<datafield tag="042" ind1=" " ind2=" ">
<subfield code="a">dc</subfield>
</datafield>
<datafield tag="720" ind1=" " ind2=" ">
<subfield code="a">Pascual Martínez, Francisco José</subfield>
<subfield code="e">author</subfield>
</datafield>
<datafield tag="260" ind1=" " ind2=" ">
<subfield code="c">2003</subfield>
</datafield>
<datafield tag="520" ind1=" " ind2=" ">
<subfield code="a">El análisis del campo visual mediante perimetría computerizada es, hoy en día la exploración fundamental en el diagnóstico y seguimiento del glaucoma. La clasificación de los defectos del campo visual implica la obtención de conclusiones clínicas a partir del elevado volumen de información. Con este trabajo se pretende clasificar defectos incipientes causados por diversas enfermedades en campos visuales aplicando redes neuronales artificiales. En particular, este proyecto utiliza LVQ como red neuronal, que puede describirse como una variante del modelo de Kohonen. Como resultado, el proyecto realiza el análisis de requisitos, diseño software, implementación y pruebas para producir un sistema compuesto por tres aplicaciones: simulador de experimentos LVQ, editor simple para la manipulación de muestras y visualizador gráfico tanto de las muestras como de los mapas resultantes con las diferentes fases de entrenamiento LVQ.</subfield>
</datafield>
<datafield tag="024" ind2=" " ind1="8">
<subfield code="a">http://uvadoc.uva.es/handle/10324/3660</subfield>
</datafield>
<datafield ind1=" " ind2=" " tag="653">
<subfield code="a">Redes neuronales (Informática)</subfield>
</datafield>
<datafield ind1=" " ind2=" " tag="653">
<subfield code="a">Visión</subfield>
</datafield>
<datafield tag="245" ind1="0" ind2="0">
<subfield code="a">Generador de baterías de experimentos LVQ y aplicación a la clasificación de campos visuales</subfield>
</datafield>
</record></metadata></record></GetRecord></OAI-PMH>